Le totémisme aujourd'hui /

Shranjeno v:
Bibliografske podrobnosti
Glavni avtor: Lévi-Strauss, Claude (autor)
Format: Knjiga
Jezik:francoščina
Izdano: París, Francia : Presses Universitaires de France, 1962, c1962
Serija:(Mythes et Religions ; 42)
Teme:
Oznake: Označite
Brez oznak, prvi označite!

MARC

LEADER 00000nam^a2200000^a^4500
001 000072501
005 20250521000000.0
009 20260526120526.336
037 |a Acervo ITESO - Biblioteca 
041 |a FRA 
082 |a 300. 1  |b LEV OBR TOT 
100 |a Lévi-Strauss, Claude  |e (autor) 
240 1 4 |a [El totemismo en la actualidad] 
245 1 3 |a Le totémisme aujourd'hui /  |c C. Lévi-Strauss. 
264 4 |a París, Francia :  |b Presses Universitaires de France,  |c 1962, c1962 
300 |a 154 p. 
336 |a texto  |b txt  |2 rdacontenido 
337 |a sin mediación  |b n  |2 rdamedio 
338 |a volumen  |b nc  |2 rdasoporte 
440 1 |a (Mythes et Religions ;  |v 42) 
545 0 |a Claude Lévi-Strauss (Bruselas, 1908 - París, 2009) es considerado el fundador de la antropología estructuralista. Su teoría, basada en el estructuralismo lingüístico de Saussure y Jakobson, utilizó las oposiciones binarias y los ejes diacrónico y sincrónico para explicar los fenómenos sociales como sistemas de signos que son significantes. Para ello, reveló la existencia de una forma común de pensar lógicamente, una estructura inconsciente que precede a la conciencia, que al ponerse en relación en la vida social, crea sistemas de reglas que permiten atribuir valor y significado compartidos en la interacción social. Con sus aportaciones logró dotar de carácter científico al estudio etnológico y fue reconocido como uno de los intelectuales franceses más influyentes del siglo XX. 
649 |a XX 
650 |a Totemismo -  |x Tema Principal 
650 |a Prácticas Culturales 
650 |a Etnología 
650 |a Antropología Cultural 
650 |a Antropología -  |x Teoría 
650 |a Sociología -  |x Teoría 
910 |a Fondo Armando Suárez Gómez 
920 |a Impresos - Libros 
930 |a Fondos Especiales 
905 |a 111 
901 |a 0700003622  |b IT2  |c ESP  |u 20250521 
902 |a https://opac.biblio.iteso.mx/vufind/Record/000072501